000 00594nam a22002052 4500
001 0000002154
005 20151217151841.0
008 070403s xx 000 0 eng d
020 _a1854183125 :
_cKES 1,598
040 _aKABU
_cKABU
050 0 _aHF5415
_b.A25
100 1 _aAbingdon, David.
_@0000151411
245 1 0 _aOut of the box marketing :
_bhow to build a super-profitable business.
260 _aLondon :
_bThorogood,
_c2005.
300 _ax, 271 p.
650 0 _aMarketing.
_@0000151351
908 _a070403
950 _@1
999 _c5671
_d5671